000 00514nam a22001697a 4500
003 OSt
008 260425b |||||||| |||| 00| 0 eng d
082 _a633.83
_bC32E
100 _aChaurasia, Hemant Kumar
245 _aEffect of Levels of Nitrogen and Phosphorus on Growth, Yield and Quality of Fenugreek (Trigonella Foenum-gruecum L.)
260 _aPusa, Samastipur
_bRAU
_c1999
300 _a62P.
502 _bMsc.
_d1999
650 _aVegetables nad Floriculture
650 _aHorticulture
942 _2ddc
_cT
999 _c50196
_d50196